Revisão e resolução do contrato por excessiva onerosidade / (Record no. 320)

MARC details
000 -LÍDER
Campo Fixo de Controle 00693cam a2200229 a 4500
001 - NÚMERO DE CONTROLE
Campo de Controle 320
003 - IDENTIFICAÇÃO DO NÚMERO DE CONTROLE
Campo de Controle BR-CuiBMT
005 - DATA E HORA DA ÚLTIMA ATUALIZAÇÃO
Campo de Controle 20231024233213.0
008 - DADOS FIXOS
Dados Fixos 231016s2017 mgb 000 0 por d
020 ## - INTERNATIONAL STANDARD BOOK NUMBER
Nº do ISBN 9788545003984
040 ## - AGÊNCIA CATALOGADORA
Código da Agência Catalogadora BR-CuiBMT
Agência que transcreveu o registro BR-CuiBMT
080 ## - Nº DA CLASSIFICAÇÃO DECIMAL UNIVERSAL
Nº edição CDU 2007
Nº Class. CDU 347.4
090 ## - NÚMERO DE CHAMADA
Nº classificação 347.4
Cutter D541r
100 1# - ENTRADA PRINCIPAL -- AUTOR PESSOAL
Nome pessoal Dias, Antônio Pedro Medeiros
245 10 - TÍTULO PRINCIPAL
Título principal Revisão e resolução do contrato por excessiva onerosidade /
Indicação de responsabilidade Antônio Pedro Medeiros Dias ; prefácio, Gustavo Tepedino.
260 ## - PUBLICAÇÃO, DISTRIBUIÇÃO, ETC.
Local de publicação Belo Horizonte :
Editora Fórum,
Data 2017.
300 ## - DESCRIÇÃO FÍSICA
N. páginas ou volumes 199 p. ;
Dimensões 22 cm
504 ## - NOTA DE BIBLIOGRAFIA, ETC.
Nota de bibliografia Inclui bibliografia.
650 ## - ASSUNTO TÓPICO
Cabeçalho tópico ou nome geográfico Direito civil
650 ## - ASSUNTO TÓPICO
Cabeçalho tópico ou nome geográfico Direitos dos contratos
942 ## - ELEMENTOS DE ENTRADA ADICIONAIS (KOHA)
Fonte de classificação ou esquema de arquivamento Classificação Decimal Universal
Tipo de item do Koha Livros
Holdings
Estado: removido Estado: perdido Fonte de classificação ou esquema de arquivamento Estado: danificado Indisponível para empréstimo Localização permanente Localização atual Data de aquisição Total Checkouts Número de Chamada completo Código de barras Date last seen Número do exemplar Preço efetivo a partir de Tipo de item (Koha)
    Classificação Decimal Universal     Biblioteca da Escola Superior de Contas do TCE/MT Biblioteca da Escola Superior de Contas do TCE/MT 28/07/2023   347.4 D541r BIBTCEMT23100013 16/10/2023 Ex. 1 16/10/2023 Livros
    Classificação Decimal Universal     Biblioteca da Escola Superior de Contas do TCE/MT Biblioteca da Escola Superior de Contas do TCE/MT 28/07/2023   347.4 D541r BIBTCEMT23100014 16/10/2023 Ex. 2 16/10/2023 Livros

Powered by Koha